Top 100 Video Games Of All Time - Statistics

General Stats
  • This quiz has been taken 340 times
  • The average score is 9 of 100
Answer Stats
Number Video games % Correct
21. Super Mario Bros.
85%
33. Minecraft
57%
79. Fortnite
45%
28. Tetris
40%
25. God of War
31%
37. Red Dead Redemption
29%
12. GTA V
28%
17. The Last of Us
27%
8. Red Dead Redemption 2
20%
80. Dark Souls
19%
71. Donkey Kong
18%
66. GTA: San Andreas
18%
34. The Legend of Zelda: Ocarina of Time
18%
29. Doom
17%
31. Half-Life
15%
40. Resident Evil 4
15%
1. The legend of Zelda: Breath of the Wild
15%
93. League of Legends
14%
56. Overwatch
14%
23. Portal
14%
2. Super Mario World
14%
9. Half-Life 2
13%
15. Halo 2
13%
7. Super Mario 64
13%
47. World of Warcraft
13%
36. Metal Gear Solid
12%
3. Portal 2
12%
11. Super mario Bros. 3
12%
19. Bloodborne
11%
44. Final Fantasy VI
9%
98. Final Fantasy VII
9%
42. Metroid Prime
9%
18. BioShock
8%
94. Fallout 2
8%
67. Silent Hill 2
8%
5. Super Metroid
8%
38. The Last of Us Part 2
8%
6. Mass Effect 2
7%
20. Undertale
7%
45. Fallout: New Vegas
6%
54. Hollow Knight
6%
39. Shadow of the Colossus
6%
70. The Sims 3
6%
55. Apex Legends
5%
61. Batman: Arkham City
5%
24. Chrono Trigger
5%
32. Halo: Combat Evolved
5%
4. The legend of Zelda: A Link to the Past
5%
73. Dota 2
4%
50. EarthBound
4%
77. GoldenEye 007
4%
13. Hades
4%
51. Left 4 Dead 2
4%
72. Mario Kart 8 Deluxe
4%
53. Ms.Pac-Man
4%
48. StarCraft
4%
41. The Elder Scrolls V: Skyrim
4%
16. The Witcher 3: Wild Hunt
4%
100. Borderlands 2
3%
63. Call of Duty 4: Modern Warfare
3%
14. Castlevania: Symphony of the Night
3%
10. Disco Elysium
3%
30. Final Fantasy XIV
3%
26. Half-Life: Alyx
3%
22. Street Fighter II
3%
87. Titanfall 2
3%
60. Dishonored 2
2%
88. Inside
2%
58. Journey
2%
92. Mega Man 3
2%
27. Metal Gear Solid 3:Snake Eater
2%
82. Mortal Kombat 11
2%
43. Pokemon Yellow
2%
89. SimCity 2000
2%
46. Star Wars: Knights of the Old Republic
2%
68. Super Mario World 2: Yoshi's Island
2%
57. Uncharted 2: Among Thieves
2%
91. Animal Crossing: New Horizons
1%
97. Assassin's Creed IV: Black Flag
1%
64. Control
1%
52. Counter-Strike 1.6
1%
49. Diablo II
1%
99. Divinity: Original Sin 2
1%
78. Fable 2
1%
85. Monster Hunter: World
1%
81. Persona 5 Royal
1%
84. Resident Evil 2 (Remake)
1%
74. Return of the Obra Dinn
1%
83. System Shock 2
1%
59. The Witness
1%
86. Tony Hawk's Pro Skater 2
1%
95. Burnout 3: Takedown
0%
96. Monkey Island 2: LeChunk's Revenge
0%
62. Rise of the Tomb Raider
0%
35. Sid Meier's Civilization IV
0%
75. Spelunky 2
0%
69. Splinter Cell: Chaos Theory
0%
76. Super Mario Bros. Ultimate
0%
90. Thief II: The Metal Age
0%
65. XCOM 2
0%
No matching quizzes found
Score Distribution
Percent of People with Each Score
Percentile by Number Answered
Your Score History
You have not taken this quiz